| 000 | 00901nam a2200253Ia 4500 | ||
|---|---|---|---|
| 003 | OSt | ||
| 005 | 20220923211256.0 | ||
| 006 | a|||||r|||| 00| 0 | ||
| 007 | ta | ||
| 008 | Pun | ||
| 020 |
_a9788178838557 (hbk) _c300 |
||
| 024 | _a270,950 | ||
| 037 |
_b673, 04/06/2013, H.K. Prakashan _cTextual |
||
| 040 |
_aARTS _cARTS _bPun |
||
| 041 |
_2Pun _aPun |
||
| 082 | _aO153,1NBU:g, Q1 | ||
| 100 | _aਨੂਰ, ਸੁਤਿੰਦਰ ਸਿੰਘ, ਥਦ. | ||
| 245 | 0 |
_aਆਲੇਚਕ ਆਖਦੇ ਨੇ _b ਦਰFਨ ਬੁੱਟਰ ਕਾਵਿ |
|
| 260 |
_aਲੁਧਿਆਣਾ _b ਚੇਤਨਾ ਪ੍ਰਕਾFਨ _c2011 |
||
| 300 |
_a236ਪੰ _ccm. |
||
| 650 |
_aਸਾਂFਭਛ ਭੱਜ਼ਾਂਸ਼. _9160127 |
||
| 942 |
_hO153,1NBU:g, Q1 _cTEXL _2CC |
||
| 999 |
_c298053 _d298053 |
||